| 000 | 00733nam a2200253Ia 4500 | ||
|---|---|---|---|
| 008 | 160303s9999 xx 000 0 und d | ||
| 020 | _a978-0-470-39308-6 | ||
| 050 | _aMAIN TX 911.3 | ||
| 050 | _b.M27H39 2011 | ||
| 100 | _aHayes, David K. | ||
| 245 | _aRevenue management for the hospitality industry / | ||
| 245 | _cDaivid K. Hayes, Allisha Miller. | ||
| 260 | _aNew Jersey : | ||
| 260 | _bJohn Wiley & Sons, Inc. | ||
| 260 | _c2011 | ||
| 300 | _a512 pages : | ||
| 300 | _billustrations ; | ||
| 300 | _c24 cm. | ||
| 500 | _aIncludes bibliographical references and index. | ||
| 650 | _aHospitality industry -- | ||
| 650 | _aHospitality industry -- | ||
| 650 | _xEconomic aspects. | ||
| 650 | _xManagement. | ||
| 999 |
_c291061 _d291061 |
||